Normal view
MARC view
- Sawyer, W. Charles
Entry Personal Name
001 - CONTROL NUMBER
- control field: 128703
003 - CONTROL NUMBER IDENTIFIER
- control field: NUST
005 - DATE AND TIME OF LATEST TRANSACTION
- control field: 20250416150023.0
008 - FIXED-LENGTH DATA ELEMENTS
- fixed length control field: 250416|| aca||aabn | a|a d
040 ## - CATALOGING SOURCE
- Original cataloging agency: NUST
- Transcribing agency: NUST
100 ## - HEADING--PERSONAL NAME
- Personal name: Sawyer, W. Charles
670 ## - SOURCE DATA FOUND
- Source citation: Work cat.: (NUST)0: Sawyer, W. Charles, author., Applied international economics /, 2020.
